000 01417nam a2200349 i 4500
003 EG-GICUC
005 20260121101514.0
008 251216s1996 ua de||fr|||| 000 0 ara d
017 _a1996/8637
020 _a977-5115-86-8
040 _a EG-GICUC
_bara
_c EG-GICUC
_d EG-GICUC
_erda
041 0 _aara
082 0 4 _221
_a343.651
_bس م . ع
092 0 4 _221
099 _aLaw1 10 343.651 س م . ع 1996
100 0 _aسميحة نصر.
_eمؤلف.
245 1 2 _aالعنف والمشقة :
_bالاستهداف للعنف والتعرض لأحداث الحياة المشقة /
_cسميحة نصر ؛ إشراف الدكتور فيصل يونس.
264 1 _aالقاهرة :
_bالمركز القومي للبحوث الأجتماعية الجنائية،
_c1996.
300 _a259 صفحة، صفحات غير مرقمة :
_bرسوم بيانية ؛
_c24 سم.
336 _2rda content
_atext
337 _2rda media
_aComputer
338 _2rda carrier
_aOnline Resource
504 _a ببليوجرافيا: صفحات 211 - 219
504 _aيشتمل على إرجاعات ببليوجرافية.
546 _aالنص باللغة العربية
650 1 _aالإجرام العنف.
_2qrmak
651 1 _2qrmak
700 0 _a فيصل يونس.
_eمشرف.
856 4 0 _uhttps://fll.law.cu.edu.eg/fulltext/bks/B10-07073.pdf
905 _a62
_eYara
942 _2ddc
_cBK
_e21
_n0
999 _c51004
_d51004